00430 a2200109 4500001000900000005001700009008004100026245016900067100002400236773004300260999001700303ART_664720260410161620.0260409a 10aRenovado mandato de la Cumbre de Contabilidad de la Federación Internacional de Contadores G-20 para la adopción de estándares internacionales de contabilidad1 aChalupowicz, Daniel0 tEnfoquesg- Nº 10 (oct. 2009)wREV416 c11465d11465